<?xml version="1.0" encoding="UTF-8"?>
<collection xmlns="http://www.loc.gov/MARC21/slim">
<record>
  <controlfield tag="001">7264</controlfield>
  <controlfield tag="005">20250108140811.0</controlfield>
  <datafield tag="037" ind1=" " ind2=" ">
    <subfield code="a">SEMIN-2025-0009</subfield>
  </datafield>
  <datafield tag="100" ind1=" " ind2=" ">
    <subfield code="a">Van Noten, Koen</subfield>
  </datafield>
  <datafield tag="245" ind1=" " ind2=" ">
    <subfield code="a">De seismometer van Eben-Emael. Le sismomètre d’Eben-Emael.</subfield>
  </datafield>
  <datafield tag="260" ind1=" " ind2=" ">
    <subfield code="c">2024</subfield>
  </datafield>
  <datafield tag="269" ind1=" " ind2=" ">
    <subfield code="c">2024-02-24</subfield>
  </datafield>
  <datafield tag="520" ind1=" " ind2=" ">
    <subfield code="a">Dankzij een samenwerking tussen de vzw Fort Eben-Emael en de Koninklijke Sterrenwacht van België is er een nieuwe fascinerende tentoonstelling gewijd aan het belang van de seismometer van Eben-Emael. Tijdens een gidsendag werden gidsen opgeleid om meer over de werking van de KSB te weten te komen zodat zij dit aan het algemene publiek kunnen verspreiden.</subfield>
  </datafield>
  <datafield tag="594" ind1=" " ind2=" ">
    <subfield code="a">NO</subfield>
  </datafield>
  <datafield tag="653" ind1="1" ind2=" ">
    <subfield code="a">Seismometer site</subfield>
  </datafield>
  <datafield tag="653" ind1="1" ind2=" ">
    <subfield code="a">Outreach</subfield>
  </datafield>
  <datafield tag="700" ind1=" " ind2=" ">
    <subfield code="a">Lecocq, Thomas</subfield>
  </datafield>
  <datafield tag="773" ind1=" " ind2=" ">
    <subfield code="t">Eben-Emael Gidsendag–Journée des guides - Fort Eben-Emael</subfield>
  </datafield>
  <datafield tag="856" ind1="0" ind2=" ">
    <subfield code="f">koen.vannoten@ksb-orb.be</subfield>
  </datafield>
  <datafield tag="856" ind1="4" ind2=" ">
    <subfield code="s">439490</subfield>
    <subfield code="u">http://publi2-as.oma.be/record/7264/files/EBN Gidsendag opleiding.jpg</subfield>
  </datafield>
  <datafield tag="856" ind1="4" ind2=" ">
    <subfield code="s">9228671</subfield>
    <subfield code="u">http://publi2-as.oma.be/record/7264/files/EBN Gidsendag 20240224.pdf</subfield>
  </datafield>
  <datafield tag="856" ind1="4" ind2=" ">
    <subfield code="s">12736</subfield>
    <subfield code="u">http://publi2-as.oma.be/record/7264/files/EBN Gidsendag 20240224.jpg?subformat=icon-180</subfield>
    <subfield code="x">icon-180</subfield>
  </datafield>
  <datafield tag="856" ind1="4" ind2=" ">
    <subfield code="s">13168</subfield>
    <subfield code="u">http://publi2-as.oma.be/record/7264/files/EBN Gidsendag opleiding.gif?subformat=icon</subfield>
    <subfield code="x">icon</subfield>
  </datafield>
  <datafield tag="856" ind1="4" ind2=" ">
    <subfield code="s">15941</subfield>
    <subfield code="u">http://publi2-as.oma.be/record/7264/files/EBN Gidsendag 20240224.gif?subformat=icon</subfield>
    <subfield code="x">icon</subfield>
  </datafield>
  <datafield tag="856" ind1="4" ind2=" ">
    <subfield code="s">8487</subfield>
    <subfield code="u">http://publi2-as.oma.be/record/7264/files/EBN Gidsendag opleiding.jpg?subformat=icon-180</subfield>
    <subfield code="x">icon-180</subfield>
  </datafield>
  <datafield tag="980" ind1=" " ind2=" ">
    <subfield code="a">SEMIN</subfield>
  </datafield>
</record>
</collection>